Central Library OPAC University of Rajshahi

শিক্ষা, তথ্যপ্রযুক্তি ও সম্ভাবনাময় বাংলাদেশ / (Record no. 59615)

MARC details
000 -LEADER
fixed length control field 00900nam a2200229 a 4500
001 - CONTROL NUMBER
control field 59615
003 - CONTROL NUMBER IDENTIFIER
rucl marc code BD-RjUL
005 - DATE AND TIME OF LATEST TRANSACTION
control field 20211209080742.0
008 - FIXED-LENGTH DATA ELEMENTS--GENERAL INFORMATION
fixed length control field 160806s2007 bg ||||| |||| 00| 0 ben d
020 ## - INTERNATIONAL STANDARD BOOK NUMBER
International Standard Book Number 9847002200141
Terms of availability : Tk.150.00
035 ## - SYSTEM CONTROL NUMBER
System control number (BD-RjUL)59739
040 ## - CATALOGING SOURCE
Original cataloging agency BD-RjUL
Language of cataloging ben
Transcribing agency BD-RjUL
Modifying agency BD-RjUL
041 ## - LANGUAGE CODE
Language code of text/sound track or separate title ben
082 ## - DEWEY DECIMAL CLASSIFICATION NUMBER
Classification number 371.33
Edition number 23
Author mark and year KAS 2007
100 ## - MAIN ENTRY--PERSONAL NAME
Personal name কায়কোবাদ, মোহাম্মদ
9 (RLIN) 119329
245 10 - TITLE STATEMENT
Title শিক্ষা, তথ্যপ্রযুক্তি ও সম্ভাবনাময় বাংলাদেশ /
Statement of responsibility, etc. মোহাম্মদ কায়কোবাদ
260 ## - PUBLICATION, DISTRIBUTION, ETC. (IMPRINT)
Place of publication, distribution, etc. ঢাকা :
Name of publisher, distributor, etc. সূচীপত্র,
Date of publication, distribution, etc. ২০০৭
300 ## - PHYSICAL DESCRIPTION
Pagination ১১৯ পৃ. ;
Size ২২ সেমি.
650 ## - SUBJECT ADDED ENTRY--TOPICAL TERM
Topical term or geographic name as entry element শিক্ষা প্রযুক্তি
9 (RLIN) 142923
Topical term or geographic name as entry element Educational Technology
9 (RLIN) 142924
942 ## - ADDED ENTRY ELEMENTS (KOHA)
Source of classification or shelving scheme Dewey Decimal Classification
Koha item type Books
Holdings
Lost status Source of classification or shelving scheme Damaged status Not for loan Collection code Permanent Location Current Location Shelving location Date acquired Source of acquisition Cost, normal purchase price Total Checkouts Full call number Date last seen Copy number Koha item type
  Dewey Decimal Classification   Not For Loan Non-fiction Central Library, University of Rajshahi Central Library, University of Rajshahi Reading Room 03/04/2008 Suchipotro, Dhaka. 150.00   B 371.33 KAS 2007 26/12/2016 C-1 Books